000 00627nam a22001937a 4500
999 _c57381
_d57381
005 20220930121717.0
008 200615s2006 enk||||| |||| 00| 0 eng d
020 _a9780972805391
041 _aeng
080 _a621.382 H-24
100 _aHarte, Lawrence
_98383
245 _a Telecom Systems :
_cLawrence Harte, Avi Ofrane.
_bPSTN, PBX, Datacom, IP telephony, IPTV, Wireless and Billing /
264 _aUSA,
_c2006.
300 _a480 p.;
_b23 cm.
653 _aტელეკომუნიკაცია
653 _aინჟინერია
700 _aOfrane, Avi
_eავტორი
_98384
942 _2udc
_cBK